| 000 | 01528naa a22003737u 4500 | ||
|---|---|---|---|
| 001 | 03718 | ||
| 003 | HDC | ||
| 007 | cr bn ---aaaaa | ||
| 008 | 210112t2005 flu 000 0 eng | ||
| 040 | _aHDC | ||
| 100 |
_aDeLUCIA, EVAN H, _eauthor _93430 |
||
| 245 | 0 |
_aClimate Change and Global Food Security. Chapter 8 : _bThe Changing Role of Forests in the Global Carbon Cycle: Responding to Elevated Carbon Dioxide in the Atmosphere / _cby EVAN H. DeLUCIA, DAVID J. MOORE, JASON G. HAMILTON, RICHARD B. THOMAS, CLINT J. SPRINGER and RICHARD J. NORBY ; edited by R. Lal ... [et al.] |
|
| 260 |
_aBoca Raton, FL : _bTaylor & Francis, _c2005 |
||
| 300 | _a36 pages | ||
| 336 |
_atext _2rdacontent |
||
| 337 |
_acomputer _2rdamedia |
||
| 338 |
_aonline resource _2rdacarrier |
||
| 500 | _aOriginal from book | ||
| 650 |
_aClimatic changes _93403 |
||
| 650 |
_aCrop yields _93405 |
||
| 650 |
_aCrops and climate _93404 |
||
| 650 |
_aFood security _xClimatic factors _93406 |
||
| 650 |
_aFood supply _93374 |
||
| 700 |
_aHAMILTON, JASON G., _eauthor _93432 |
||
| 700 |
_aLal, R., _eeditor _93407 |
||
| 700 |
_aMOORE, DAVID J., _eauthor _93431 |
||
| 700 |
_aNORBY, RICHARD J., _eauthor _93429 |
||
| 700 |
_aSPRINGER, CLINT J., _eauthor _93434 |
||
| 700 |
_aTHOMAS, RICHARD B., _eauthor _93433 |
||
| 856 | _zRequest full-text at [email protected] | ||
| 942 | _2lcc | ||
| 942 | _cCHAP | ||
| 942 | _kEBCH 002555 | ||
| 999 |
_c1054 _d1054 |
||